Spectrum science (Record no. 25421)

MARC details
000 -LEADER
fixed length control field 00597nam a22002057a 4500
003 - CONTROL NUMBER IDENTIFIER
control field OSt
005 - DATE AND TIME OF LATEST TRANSACTION
control field 20260629151027.0
008 - FIXED-LENGTH DATA ELEMENTS--GENERAL INFORMATION
fixed length control field 260629b |||||||| |||| 00| 0 eng d
020 ## - INTERNATIONAL STANDARD BOOK NUMBER
International Standard Book Number 9781483811697
040 ## - CATALOGING SOURCE
Transcribing agency Chuka University Library
050 ## - LIBRARY OF CONGRESS CALL NUMBER
Classification number Q 182 .S65 2015
245 ## - TITLE STATEMENT
Title Spectrum science
260 ## - PUBLICATION, DISTRIBUTION, ETC.
Place of publication, distribution, etc. Greensboro
Name of publisher, distributor, etc. Carson-Dellosa
Date of publication, distribution, etc. 2015
300 ## - PHYSICAL DESCRIPTION
Extent Various Paging
Other physical details Illustrated
650 ## - SUBJECT ADDED ENTRY--TOPICAL TERM
Topical term or geographic name entry element Science-study and teaching
9 (RLIN) 20578
650 ## - SUBJECT ADDED ENTRY--TOPICAL TERM
Topical term or geographic name entry element Science-problems, exercises
9 (RLIN) 31626
650 ## - SUBJECT ADDED ENTRY--TOPICAL TERM
Topical term or geographic name entry element Elementary education
9 (RLIN) 31627
700 ## - ADDED ENTRY--PERSONAL NAME
Personal name Spectrum
9 (RLIN) 31628
942 ## - ADDED ENTRY ELEMENTS (KOHA)
Source of classification or shelving scheme Library of Congress Classification
Koha item type Long Loan Books
Suppress in OPAC No
Holdings
Withdrawn status Lost status Source of classification or shelving scheme Damaged status Not for loan Collection Home library Current library Shelving location Date acquired Source of acquisition Cost, normal purchase price Total Checkouts Full call number Barcode Date last seen Price effective from Koha item type
    Library of Congress Classification     General Collection Books Main Campus Library Main Campus Library General Stacks 29/06/2026 Donation from Books for Africa 1293.61   Q 182 .S65 2015 36190/2026 29/06/2026 29/06/2026 Long Loan Books

Powered by Koha